000
00222 a2200097 4500
001
28352
100
_a
Reilly, J G
245
_a
Physical Science, an Interrelated Course
260
_a
_b
Ad Wesley
_c
090
_c
18961
_d
18961
942
_a
NUST-CAE
_c
M
_c
9959
999
_c
263425
_d
263425